[Event "Wattens op 14th"]
[Site "Wattens"]
[Date "1999.??.??"]
[Round "2"]
[White "Enders, Peter"]
[Black "Fuerlinger, Harald"]
[Result "1-0"]
[WhiteElo "2490"]
[BlackElo "2150"]
[PlyCount "77"]
[EventDate "1999.??.??"]
[Source "www.chesslib.no"]
[SourceDate "2004.05.04"]

1. e4 c5 2. Nf3 d6 3. d4 cxd4 4. Nxd4 Nf6 5. Nc3 a6 6. Bg5 e6 7. f4 Be7 8. Qf3 Qc7 9. O-O-O O-O 10. g4 Nc6 11. Bg2 Bd7 12. Nxc6 Bxc6 13. Bxf6 Bxf6 14. g5 Bxc3 15. Qxc3 d5 16. Rhf1 dxe4 17. Bxe4 Rac8 18. Bxc6 Qxc6 19. Qxc6 Rxc6 20. Rd7 Rfc8 21. c3 R6c7 22. Rfd1 Kf8 23. Rxc7 Rxc7 24. Rd8+ Ke7 25. Rb8 b5 26. Kd2 Rc4 27. Rb7+ Ke8 28. Ke3 e5 29. fxe5 Rh4 30. e6 fxe6 31. Rxg7 Rxh2 32. b4 Kf8 33. Ra7 Rxa2 34. Rxh7 a5 35. Rb7 Ra3 36. Kd4 e5+ 37. Kxe5 Rxc3 38. bxa5 b4 39. a6 1-0

[Event "Kavala Open"]
[Site "Kavala GRE"]
[Date "1995.??.??"]
[Round "5"]
[White "Cela, Altin"]
[Black "Halkias, Stelios"]
[Result "1/2-1/2"]
[WhiteElo "2405"]
[BlackElo "2230"]
[PlyCount "122"]
[EventDate "1995.??.??"]
[Source "www.chesslib.no"]
[SourceDate "2004.05.04"]

1. e4 c5 2. Nf3 d6 3. d4 cxd4 4. Nxd4 Nf6 5. Nc3 a6 6. Bg5 e6 7. f4 Be7 8. Qf3 Qc7 9. O-O-O Bd7 10. e5 dxe5 11. fxe5 Nd5 12. Bxe7 Nxe7 13. Qg3 Ng6 14. Bd3 Nc6 15. Bxg6 hxg6 16. Nf3 Ne7 17. Qf2 Bc6 18. Ng5 Nf5 19. g4 Bxh1 20. gxf5 gxf5 21. Rxh1 Qxe5 22. h4 Rd8 23. a4 Qd4 24. Qe1 Ke7 25. Kb1 Qf4 26. Rf1 Qxh4 27. Qe3 Qc4 28. Re1 Qc6 29. Nf3 Kf8 30. Rg1 Rh7 31. Ne2 Kg8 32. Ned4 Qe4 33. Qc3 Qd5 34. b3 f6 35. Rg2 Re8 36. Qc7 g5 37. Qf4 Rg7 38. Qh2 g4 39. Qh6 Qd8 40. c3 Kf7 41. Nh4 Kg8 42. Rd2 Rh7 43. Qg6+ Rg7 44. Qh6 Rh7 45. Qg6+ Rg7 46. Qxg7+ Kxg7 47. Nxe6+ Rxe6 48. Rxd8 f4 49. Kc2 f3 50. Rd4 f5 51. Nxf5+ Kg6 52. Ng3 Kg5 53. Kd2 f2 54. Rd7 Kf4 55. Nf1 Kf3 56. Rxb7 Kg2 57. Rg7 Kxf1 58. Rxg4 Rd6+ 59. Ke3 Ke1 60. Rf4 f1=Q 61. Rxf1+ Kxf1 1/2-1/2

[Event "ARG-ch"]
[Site "Buenos Aires"]
[Date "1975.??.??"]
[Round "4"]
[White "Sampaolesi, Nestor"]
[Black "Szmetan, Jorge"]
[Result "0-1"]
[WhiteElo "2200"]
[BlackElo "2435"]
[PlyCount "72"]
[EventDate "1975.??.??"]
[Source "ChessBase"]

1. e4 c5 2. Nf3 d6 3. d4 cxd4 4. Nxd4 Nf6 5. Nc3 a6 6. Bg5 e6 7. f4 Be7 8. Qf3 Qc7 9. a4 Nbd7 10. Nb3 b6 11. Bd3 Bb7 12. O-O h6 13. Bh4 g5 14. Bf2 gxf4 15. a5 b5 16. Qxf4 Ne5 17. Bb6 Qb8 18. Rad1 Nfd7 19. Qg3 Nxb6 20. axb6 Bc6 21. b7 Qxb7 22. Kh1 Qb6 23. Ne2 O-O-O 24. Nbd4 Bb7 25. b3 h5 26. c4 Rhg8 27. Qh3 Rg4 28. cxb5 axb5 29. Bxb5 Bxe4 30. Qc3+ Kb8 31. Nf4 Rdg8 32. Rf2 Rxf4 33. Qe3 Rxf2 34. Qxe4 Rgxg2 35. Ra1 Rxh2+ 36. Kg1 Nf3+ 0-1

[Event "BRA Ch"]
[Site "Fortaleza BRA"]
[Date "1989.08.??"]
[Round "5"]
[White "Machado, Hermes Amilcar"]
[Black "Chemin, Vitorio"]
[Result "1/2-1/2"]
[WhiteElo "2335"]
[BlackElo "2300"]
[PlyCount "141"]
[EventDate "1989.??.??"]
[Source "www.chesslib.no"]
[SourceDate "2004.05.04"]

1. e4 c5 2. Nf3 d6 3. d4 cxd4 4. Nxd4 Nf6 5. Nc3 a6 6. Bg5 e6 7. f4 Be7 8. Qf3 Qc7 9. O-O-O b5 10. Bxf6 gxf6 11. a3 Nc6 12. Be2 Nxd4 13. Rxd4 Qc5 14. Rhd1 Bb7 15. Qh3 Rc8 16. Kb1 h6 17. Qg4 Kf8 18. Qh3 h5 19. Ka1 Rc7 20. Kb1 h4 21. g4 Kg7 22. Qf1 Rd8 23. R1d2 e5 24. R4d3 b4 25. axb4 Qxb4 26. fxe5 fxe5 27. g5 Bxg5 28. Qg2 f6 29. Bf3 Rb8 30. Nd1 Kh6 31. Re2 Bc8 32. Bg4 Bxg4 33. Qxg4 Rbc8 34. c3 Qb6 35. Qe6 Rd8 36. Ne3 Qb5 37. c4 Qd7 38. Nf5+ Kg6 39. Qxd7 Rdxd7 40. Nxd6 Rc6 41. Nf5 Rxd3 42. Ne7+ Kh5 43. Nxc6 Rd6 44. Ne7 Kg4 45. Rc2 Be3 46. c5 Rd1+ 47. Ka2 Bxc5 48. Rxc5 Rd2 49. Rc6 Rxh2 50. Rxf6 Re2 51. Rxa6 Rxe4 52. Rg6+ Kh5 53. Rg8 h3 54. Nd5 Ra4+ 55. Kb3 Ra6 56. Rh8+ Kg4 57. Kc4 Kg3 58. Ne3 Rf6 59. b4 Rf4+ 60. Kc5 h2 61. b5 Rf3 62. Rg8+ Kh3 63. Rh8+ Kg3 64. Nd5 Rf1 65. b6 h1=Q 66. Rxh1 Rxh1 67. b7 Rh8 68. Ne7 Rb8 69. Kc6 e4 70. Kc7 Rxb7+ 71. Kxb7 1/2-1/2

[Event "Las Palmas"]
[Site "?"]
[Date "1973.11.02"]
[Round "10"]
[White "Westerinen Heikki MJ"]
[Black "Dominguez Julio"]
[Result "1-0"]
[WhiteElo "2435"]
[BlackElo "2200"]
[PlyCount "51"]
[EventDate "1973.??.??"]
[Source "www.chesslib.no"]
[SourceDate "2004.05.04"]

1. e4 c5 2. Nf3 d6 3. d4 cxd4 4. Nxd4 Nf6 5. Nc3 a6 6. Bg5 e6 7. f4 Be7 8. Qf3 Qc7 9. O-O-O b5 10. Bxf6 gxf6 11. e5 d5 12. exf6 Bxf6 13. f5 Bxd4 14. Rxd4 Nc6 15. Rd2 Bb7 16. fxe6 fxe6 17. Qg4 Qe7 18. Nxd5 exd5 19. Re2 Ne5 20. Qh5+ Kd7 21. Rxe5 Qf6 22. Bd3 Qf4+ 23. Kd1 Rag8 24. Rf1 Qd4 25. Qf7+ Kd8 26. Qf6+ 1-0

[Event "Corr"]
[Site "?"]
[Date "2001.07.05"]
[Round "?"]
[White "Maiorov Oleg Ivanovich"]
[Black "Bauk Slavko"]
[Result "0-1"]
[WhiteElo "2379"]
[BlackElo "2237"]
[PlyCount "86"]
[EventDate "2001.??.??"]
[Source "www.chesslib.no"]
[SourceDate "2004.05.04"]

1. e4 c5 2. Nf3 d6 3. d4 cxd4 4. Nxd4 Nf6 5. Nc3 a6 6. Bg5 e6 7. f4 Be7 8. Qf3 Qc7 9. g4 b5 10. O-O-O Nbd7 11. Bxf6 Nxf6 12. g5 Nd7 13. f5 Bxg5+ 14. Kb1 Ne5 15. Qh5 Qd8 16. Rg1 Bf6 17. fxe6 O-O 18. Bh3 g6 19. Nd5 Kh8 20. Qe2 fxe6 21. Bxe6 Ra7 22. Rdf1 Bg7 23. c3 Rxf1+ 24. Rxf1 Qe8 25. Bxc8 Qxc8 26. a3 Qe8 27. h4 h5 28. Ka2 Rb7 29. b3 Qd7 30. Rg1 Ng4 31. Nf3 Rb8 32. Nh2 Rf8 33. Nxg4 hxg4 34. Rxg4 Rf2 35. Qxf2 Qxg4 36. Qc2 Qxh4 37. Kb2 Be5 38. Nc7 g5 39. Nxa6 g4 40. Nc7 Qe1 41. Nd5 g3 42. b4 Qg1 43. a4 g2 0-1

[Event "8. Open"]
[Site "?"]
[Date "2005.08.22"]
[Round "6"]
[White "Fluvia Poyatos Joan"]
[Black "Alonso Rosell Alvar"]
[Result "1/2-1/2"]
[WhiteElo "2458"]
[BlackElo "2156"]
[PlyCount "105"]
[EventDate "2005.??.??"]
[Source "www.chesslib.no"]
[SourceDate "2004.05.04"]

1. e4 c5 2. Nf3 d6 3. d4 cxd4 4. Nxd4 Nf6 5. Nc3 a6 6. Bg5 e6 7. f4 Be7 8. Qf3 Qc7 9. O-O-O O-O 10. g4 Nbd7 11. Bh4 b5 12. g5 Ne8 13. f5 Nc5 14. Bg2 b4 15. Nce2 Bb7 16. Qg4 Rc8 17. fxe6 fxe6 18. Kb1 Kh8 19. c3 bxc3 20. Nxc3 g6 21. Nxe6 Nxe6 22. Qxe6 Ng7 23. Qb3 Rb8 24. Rc1 Qa5 25. Nd5 Bxd5 26. Qxd5 Qxd5 27. exd5 Nf5 28. Be1 Bxg5 29. Bc3+ Bf6 30. Bxf6+ Rxf6 31. Rhf1 Rf7 32. Bh3 Rb5 33. Rc6 Rxd5 34. Rxa6 Ne3 35. Re1 Rf2 36. Rb6 Rxh2 37. Be6 Rdd2 38. a4 Nd1 39. Bg4 Rxb2+ 40. Rxb2 Nxb2 41. a5 Nc4 42. a6 Rb2+ 43. Ka1 Rb5 44. Re2 Ra5+ 45. Ra2 Na3 46. Be2 Nc2+ 47. Kb2 Rxa2+ 48. Kxa2 Nb4+ 49. Kb3 Nxa6 50. Bxa6 Kg7 51. Kc4 Kf6 52. Kd5 Ke7 53. Bd3 1/2-1/2

[Event "Kurass mem op"]
[Site "Kiev"]
[Date "2000.??.??"]
[Round "7"]
[White "Datsuk, Taras"]
[Black "Ostapenko, Alexander"]
[Result "1-0"]
[WhiteElo "2276"]
[BlackElo "2332"]
[PlyCount "51"]
[EventDate "2000.06.23"]
[Source "www.chesslib.no"]
[SourceDate "2004.05.04"]

1. e4 c5 2. Nf3 d6 3. d4 cxd4 4. Nxd4 Nf6 5. Nc3 a6 6. Bg5 e6 7. f4 Be7 8. Qf3 Qc7 9. O-O-O O-O 10. g4 b5 11. Bxf6 Bxf6 12. g5 Bxd4 13. Rxd4 Nc6 14. Rd3 b4 15. Nd1 a5 16. Qh5 g6 17. Qh4 e5 18. Ne3 Ne7 19. f5 gxf5 20. Nd5 Nxd5 21. Rh3 f6 22. Bc4 Be6 23. exd5 Bc8 24. gxf6 Rf7 25. Rg1+ Kh8 26. Rhg3 1-0

[Event "Polanica Zdroj op"]
[Site "?"]
[Date "1998.??.??"]
[Round "?"]
[White "Bernard Ryszard"]
[Black "Litwin Jozef"]
[Result "1-0"]
[WhiteElo "2380"]
[BlackElo "2215"]
[PlyCount "75"]
[EventDate "1998.??.??"]
[Source "www.chesslib.no"]
[SourceDate "2004.05.04"]

1. e4 c5 2. Nf3 d6 3. d4 cxd4 4. Nxd4 Nf6 5. Nc3 a6 6. Bg5 e6 7. f4 Be7 8. Qf3 Qc7 9. O-O-O Nc6 10. Nxc6 bxc6 11. e5 dxe5 12. fxe5 Nd5 13. Bxe7 Qxe7 14. Ne4 O-O 15. Bd3 f5 16. exf6 gxf6 17. a3 Kh8 18. c4 f5 19. Nd2 Nf6 20. Rhe1 Qc7 21. Qe3 Ng4 22. Qc5 Qg7 23. Nf3 Rb8 24. Re2 Nf6 25. Qe5 Bd7 26. Bc2 c5 27. Rd6 a5 28. Red2 Rb7 29. Qc3 Rfb8 30. Ne5 Be8 31. Rxe6 Ne4 32. Bxe4 fxe4 33. Rf2 Kg8 34. Qe3 Bg6 35. Qg5 Rf8 36. Rxf8+ Qxf8 37. Rf6 Qd8 38. Rxg6+ 1-0

[Event "GR-Ch '80"]
[Site "GR-Ch '80"]
[Date "1980.??.??"]
[Round "9"]
[White "Tsourinakis, Par"]
[Black "Pountzas, Hrisanthos"]
[Result "0-1"]
[WhiteElo "2195"]
[BlackElo "2390"]
[PlyCount "78"]
[EventDate "1980.??.??"]
[Source "www.chesslib.no"]
[SourceDate "2004.05.04"]

1. e4 c5 2. Nf3 d6 3. d4 cxd4 4. Nxd4 Nf6 5. Nc3 a6 6. Bg5 e6 7. f4 Be7 8. Qf3 Qc7 9. O-O-O h6 10. Bxf6 Bxf6 11. g4 Bd7 12. h4 Be7 13. Bh3 Nc6 14. g5 Nxd4 15. Rxd4 O-O-O 16. Rd3 Kb8 17. Rhd1 hxg5 18. hxg5 Rh4 19. Bg2 g6 20. Rh1 Rxh1+ 21. Bxh1 Rh8 22. Bg2 Qc5 23. Rd1 Bc6 24. Qg3 Kc7 25. a3 b5 26. Rh1 Rxh1+ 27. Bxh1 a5 28. Nd1 e5 29. Kb1 Kd8 30. Bf3 exf4 31. Qxf4 Ke8 32. Qg4 Bd7 33. Qh4 Bxg5 34. Qh8+ Ke7 35. Nc3 Bf6 36. Nd5+ Qxd5 37. Qxf6+ Kxf6 38. exd5 Ke5 39. b3 b4 0-1

[Event "HUN-ch U20"]
[Site "Paks"]
[Date "1998.??.??"]
[Round "9"]
[White "Kerek, Krisztian"]
[Black "Tamas, Norbert"]
[Result "1/2-1/2"]
[WhiteElo "2335"]
[BlackElo "2245"]
[PlyCount "54"]
[EventDate "1998.??.??"]
[Source "www.chesslib.no"]
[SourceDate "2004.05.04"]

1. e4 c5 2. Nf3 d6 3. d4 cxd4 4. Nxd4 Nf6 5. Nc3 a6 6. Bg5 e6 7. f4 Be7 8. Qf3 Qc7 9. O-O-O Bd7 10. e5 dxe5 11. fxe5 Nd5 12. Bxe7 Nxe7 13. Qg3 O-O 14. Bd3 Nbc6 15. Nxc6 Bxc6 16. Rhe1 Rac8 17. Kb1 b5 18. Qh3 g6 19. Qh4 Nf5 20. Bxf5 exf5 21. Rd3 Be4 22. Rh3 f6 23. Re2 fxe5 24. a3 Bb7 25. Rxe5 Rce8 26. Nd5 Bxd5 27. Rxd5 Re4 1/2-1/2

[Event "Ch team"]
[Site "?"]
[Date "2002.??.??"]
[Round "4"]
[White "Olafsson David"]
[Black "Einarsson Bergsteinn"]
[Result "1-0"]
[WhiteElo "2307"]
[BlackElo "2257"]
[PlyCount "55"]
[EventDate "2002.??.??"]
[Source "www.chesslib.no"]
[SourceDate "2004.05.04"]

1. e4 c5 2. Nf3 d6 3. d4 cxd4 4. Nxd4 Nf6 5. Nc3 a6 6. Bg5 e6 7. f4 Be7 8. Qf3 Qc7 9. O-O-O Bd7 10. g4 Nc6 11. Nb3 Rc8 12. Bxf6 Bxf6 13. g5 Be7 14. Kb1 b5 15. Rd2 Na5 16. h4 Nc4 17. Bxc4 bxc4 18. Nd4 Rb8 19. f5 Qb7 20. Nd1 g6 21. f6 Bf8 22. h5 Rg8 23. hxg6 hxg6 24. Rdh2 d5 25. Rh8 Rxh8 26. Rxh8 dxe4 27. Rxf8+ Kxf8 28. Qh3 1-0

[Event "BL2-O9798"]
[Site "Germany"]
[Date "1998.??.??"]
[Round "6.6"]
[White "Kirchner, Thomas"]
[Black "Haag, Wolfgang"]
[Result "1-0"]
[WhiteElo "2245"]
[BlackElo "2315"]
[PlyCount "45"]
[EventDate "1997.10.??"]
[Source "www.chesslib.no"]
[SourceDate "2004.05.04"]

1. e4 c5 2. Nf3 d6 3. d4 cxd4 4. Nxd4 Nf6 5. Nc3 a6 6. Bg5 e6 7. f4 Be7 8. Qf3 Qc7 9. O-O-O h6 10. Bxf6 Bxf6 11. g4 Bd7 12. h4 Nc6 13. Nxc6 Bxc6 14. g5 Be7 15. Bh3 hxg5 16. hxg5 b5 17. Nd5 Qb7 18. Bxe6 Rxh1 19. Rxh1 fxe6 20. Rh8+ Kd7 21. Rxa8 exd5 22. Rg8 Qb6 23. Qh3+ 1-0

[Event "Kochan Mem Open, Koszalin POL"]
[Site "?"]
[Date "2001.??.??"]
[Round "1"]
[White "Anisimov, P."]
[Black "Popczynski, P."]
[Result "1-0"]
[WhiteElo "2400"]
[BlackElo "2155"]
[PlyCount "29"]
[EventDate "2001.??.??"]
[Source "www.chesslib.no"]
[SourceDate "2004.05.04"]

1. e4 c5 2. Nf3 d6 3. d4 cxd4 4. Nxd4 Nf6 5. Nc3 a6 6. Bg5 e6 7. f4 Be7 8. Qf3 Qc7 9. O-O-O b5 10. e5 Bb7 11. Qg3 dxe5 12. fxe5 Ne4 13. Nxe4 Bxe4 14. Bxe7 Kxe7 15. Qh4+ 1-0

[Event "CZE Tschechien Ch"]
[Site "Czech Republic"]
[Date "1993.??.??"]
[Round "1"]
[White "Novotny, Josef"]
[Black "Hausner, Ivan"]
[Result "0-1"]
[WhiteElo "2090"]
[BlackElo "2465"]
[PlyCount "70"]
[EventDate "1993.??.??"]
[Source "www.chesslib.no"]
[SourceDate "2004.05.04"]

1. e4 c5 2. Nf3 d6 3. d4 cxd4 4. Nxd4 Nf6 5. Nc3 a6 6. Bg5 e6 7. f4 Be7 8. Qf3 Qc7 9. O-O-O O-O 10. Bd3 Nbd7 11. g4 b5 12. Qh3 Nc5 13. Kb1 Bb7 14. Rhe1 b4 15. e5 Nxd3 16. Rxd3 dxe5 17. fxe5 Nxg4 18. Qxg4 Bxg5 19. Qxg5 bxc3 20. Rg1 g6 21. Rh3 Qb6 22. Nb3 Rfd8 23. Rxc3 Rd5 24. Nc1 Rxe5 25. Qg3 Rb5 26. b3 Rd8 27. Rf1 Be4 28. Nd3 Bf5 29. h4 Qd4 30. Nf4 Rc5 31. Rxc5 Qxc5 32. Rc1 Rd1 33. Qh2 Rxc1+ 34. Kxc1 e5 35. Nh3 Qe3+ 0-1

[Event "Mind Sports Games - Blitz Team"]
[Site "Pechino CINA"]
[Date "2008.10.13"]
[Round "4"]
[White "Atakisi, U."]
[Black "Atabayev, M."]
[Result "0-1"]
[WhiteElo "2393"]
[BlackElo "2159"]
[PlyCount "194"]
[EventDate "2008.10.13"]
[Source "www.chesslib.no"]
[SourceDate "2004.05.04"]

1. e4 c5 2. Nf3 d6 3. d4 cxd4 4. Nxd4 Nf6 5. Nc3 a6 6. Bg5 e6 7. f4 Be7 8. Qf3 Qc7 9. O-O-O b5 10. a3 Bb7 11. Bd3 Nbd7 12. Rhe1 Rc8 13. Kb1 Nc5 14. Qe2 Qb6 15. e5 dxe5 16. fxe5 Nd5 17. Nxd5 Bxd5 18. Bxe7 Kxe7 19. Qg4 Kf8 20. Re3 Qc7 21. Rg3 Qxe5 22. Rf1 h5 23. Qg6 Rc7 24. Nf3 Qf6 25. Qxf6 gxf6 26. Nd4 f5 27. b4 Nxd3 28. cxd3 h4 29. Re3 Bxg2 30. Rf2 Bd5 31. Kb2 Kg7 32. Re5 Kf6 33. Re3 Rhc8 34. Rh3 Rh8 35. Re3 Rcc8 36. Ne2 Bb7 37. Nc3 Rcd8 38. Kc2 Rhg8 39. Rh3 Rg4 40. Rd2 Bg2 41. Re3 h3 42. Ne2 Rc8+ 43. Kb2 e5 44. d4 e4 45. d5 f4 46. Rc3 Rxc3 47. Nxc3 e3 48. Re2 Bf3 49. Re1 Rg2+ 50. Kb3 Rxh2 51. d6 Rd2 52. Rf1 h2 53. Rxf3 h1=Q 54. Rxf4+ Ke6 55. Re4+ Kd7 56. Rxe3 Rxd6 57. Ne4 Qd1+ 58. Kc3 Rc6+ 59. Nc5+ Kd8 60. Rd3+ Qxd3+ 61. Kxd3 Ke7 62. Ke4 Kf6 63. Kd5 Rc8 64. Nxa6 Ra8 65. Nc7 Rxa3 66. Nxb5 Ra1 67. Nd4 Ke7 68. Kc6 Rc1+ 69. Kd5 Kd7 70. b5 Kc7 71. Ke5 Kb6 72. Nf5 Rf1 73. Nd6 Kc5 74. Ne4+ Kxb5 75. Nf6 Kc6 76. Ne4 Kd7 77. Nf6+ Ke7 78. Nd5+ Kf8 79. Ne3 Re1 80. Kf4 Kg7 81. Nf5+ Kf6 82. Ng3 Ra1 83. Ne4+ Ke6 84. Ng5+ Ke7 85. Ne4 f6 86. Ng3 Ke6 87. Ne4 Ra4 88. Ke3 Ke5 89. Nf2 Ra3+ 90. Nd3+ Kf5 91. Kd4 Kg4 92. Nf2+ Kf5 93. Nd3 Kg5 94. Nc5 f5 95. Nd3 Kg4 96. Ke3 f4+ 97. Kd2 Rxd3+ 0-1

[Event "RUS-Cup03"]
[Site "Tomsk"]
[Date "2002.07.15"]
[Round "8"]
[White "Kineva, Ekaterina"]
[Black "Panov, Igor"]
[Result "0-1"]
[WhiteElo "2231"]
[BlackElo "2312"]
[PlyCount "94"]
[EventDate "2002.07.08"]
[Source "ChessBase"]
[SourceDate "2002.09.11"]

1. e4 c5 2. Nf3 d6 3. d4 cxd4 4. Nxd4 Nf6 5. Nc3 a6 6. Bg5 e6 7. f4 Be7 8. Qf3 Qc7 9. O-O-O Nc6 10. Nxc6 bxc6 11. Bc4 O-O 12. Qg3 d5 13. Bd3 Nh5 14. Qh4 Bxg5 15. fxg5 Qf4+ 16. Qxf4 Nxf4 17. Rd2 d4 18. Ne2 Nxe2+ 19. Bxe2 e5 20. Rd3 Be6 21. h4 c5 22. Rg3 a5 23. a3 Rfb8 24. Bg4 Bc4 25. b3 Bb5 26. h5 a4 27. g6 Be8 28. gxh7+ Kxh7 29. Kb2 axb3 30. cxb3 c4 31. Be2 d3 32. Bd1 Ba4 33. b4 Bb5 34. Bg4 Rb6 35. Rc1 Ra7 36. Rh3 Kh6 37. Bd1 Rd6 38. Rc3 Rd4 39. Re3 Bc6 40. Bf3 f5 41. Bd1 f4 42. Re1 Bxe4 43. a4 Re7 44. Rg1 Bf5 45. Rf1 Kg5 46. b5 e4 47. b6 e3 0-1

[Event "Mar del Plata op 30th"]
[Site "Mar del Plata"]
[Date "1999.03.27"]
[Round "1"]
[White "Rubinetti, Jorge A"]
[Black "Evans, Pablo"]
[Result "1-0"]
[WhiteElo "2432"]
[BlackElo "2110"]
[PlyCount "71"]
[EventDate "1999.03.??"]
[Source "www.chesslib.no"]
[SourceDate "2004.05.04"]

1. e4 c5 2. Nf3 d6 3. d4 cxd4 4. Nxd4 Nf6 5. Nc3 a6 6. Bg5 e6 7. f4 Be7 8. Qf3 Qc7 9. O-O-O Nc6 10. Nxc6 Qxc6 11. Bd3 b5 12. a3 Rb8 13. Rhe1 b4 14. axb4 Rxb4 15. e5 Qxf3 16. gxf3 dxe5 17. fxe5 Nd5 18. Bxe7 Kxe7 19. Nxd5+ exd5 20. c3 Rf4 21. Re3 d4 22. cxd4 Rxd4 23. Be2 Rhd8 24. Rxd4 Rxd4 25. Rc3 Bb7 26. Rc7+ Rd7 27. Rxd7+ Kxd7 28. f4 a5 29. Kd2 h6 30. h4 Bg2 31. Bb5+ Ke6 32. Ke3 g5 33. Bc4+ Bd5 34. fxg5 hxg5 35. h5 Kxe5 36. Bxd5 1-0

[Event "Skopje ol (Men)"]
[Site "Skopje MKD"]
[Date "1972.??.??"]
[Round "6"]
[White "Littlewood, John E"]
[Black "Tabba, Manakly"]
[Result "1-0"]
[WhiteElo "2340"]
[BlackElo "2200"]
[PlyCount "99"]
[EventDate "1972.09.??"]
[Source "www.chesslib.no"]
[SourceDate "2004.05.04"]

1. e4 c5 2. Nf3 d6 3. d4 cxd4 4. Nxd4 Nf6 5. Nc3 a6 6. Bg5 e6 7. f4 Be7 8. Qf3 Qc7 9. O-O-O O-O 10. Bd3 Nc6 11. Nxc6 bxc6 12. e5 dxe5 13. Qh3 g6 14. Qh4 Kg7 15. Rhf1 Ng8 16. fxe5 Bxg5+ 17. Qxg5 Qe7 18. Qg3 Rb8 19. Rf4 Nh6 20. Rdf1 Nf5 21. Qf2 c5 22. Ne4 Bb7 23. Nf6 Bd5 24. Bxf5 exf5 25. Nxd5 Qxe5 26. c4 Rb7 27. Re1 Qb8 28. Qxc5 Rd7 29. Qd4+ f6 30. g4 fxg4 31. Rxf6 Qa7 32. Rf7+ Kxf7 33. Rf1+ Kg8 34. Rxf8+ Kxf8 35. Qh8+ Kf7 36. Qxh7+ Kf8 37. Qh8+ Kf7 38. Qf6+ Kg8 39. Qxg6+ Kf8 40. Qf5+ Rf7 41. Qc8+ Kg7 42. Qxg4+ Kf8 43. Qc8+ Kg7 44. c5 Rf1+ 45. Kc2 Qf7 46. Qc7 a5 47. Kb3 Rf2 48. Qe5+ Kg8 49. c6 Rf5 50. Qxf5 1-0

[Event "Skopje ol (Men)"]
[Site "Skopje MKD"]
[Date "1972.10.04"]
[Round "8.4"]
[White "Wostin, Rik Hendrik"]
[Black "Littlewood, John E"]
[Result "1/2-1/2"]
[WhiteElo "2200"]
[BlackElo "2340"]
[PlyCount "39"]
[EventDate "1972.09.??"]
[Source "www.chesslib.no"]
[SourceDate "2004.05.04"]

1. e4 c5 2. Nf3 d6 3. d4 cxd4 4. Nxd4 Nf6 5. Nc3 a6 6. Bg5 e6 7. f4 Be7 8. Qf3 Qc7 9. O-O-O O-O 10. Bd3 Nc6 11. Nxc6 bxc6 12. e5 dxe5 13. Qh3 h6 14. Bxh6 gxh6 15. Qxh6 Rd8 16. Rhf1 e4 17. Nxe4 Nxe4 18. Bxe4 Rxd1+ 19. Rxd1 f5 20. Qg6+ 1/2-1/2

[Event "MK Cafe op-A"]
[Site "Koszalin"]
[Date "1997.08.06"]
[Round "5"]
[White "Pioch, Zygmunt"]
[Black "Kosiorek, Marek"]
[Result "0-1"]
[WhiteElo "2285"]
[BlackElo "2255"]
[PlyCount "84"]
[EventDate "1997.08.03"]
[Source "ChessBase"]
[SourceDate "1997.09.26"]

1. e4 c5 2. Nf3 d6 3. d4 cxd4 4. Nxd4 Nf6 5. Nc3 a6 6. Bg5 e6 7. f4 Be7 8. Qf3 Qc7 9. O-O-O O-O 10. Bd3 Nc6 11. Nxc6 bxc6 12. e5 dxe5 13. Bxf6 Bxf6 14. Ne4 Be7 15. Ng5 f5 16. h4 e4 17. Qh5 Bxg5 18. hxg5 g6 19. Qh4 exd3 20. Rxd3 Ra7 21. Rhd1 Qe7 22. Qf2 c5 23. Rd6 Rc7 24. Qe3 Re8 25. Qe5 c4 26. Qa5 c3 27. bxc3 e5 28. Qd5+ Qf7 29. Rd8 Qxd5 30. Rxe8+ Kf7 31. Rxd5 Kxe8 32. Rxe5+ Re7 33. Rc5 Bb7 34. g3 Re3 35. Rc7 Re7 36. Rc4 Re3 37. Rc7 Be4 38. Kb2 Rxg3 39. Rxh7 Rg4 40. Rg7 Rxf4 41. Rxg6 Rg4 42. c4 Kf7 0-1

[Event "Wch U16"]
[Site "Wch U16 Szeged"]
[Date "1994.??.??"]
[Round "6"]
[White "Nataf, Igor-Alexandre"]
[Black "Rabinovich, Alexander"]
[Result "0-1"]
[WhiteElo "2280"]
[BlackElo "2255"]
[PlyCount "72"]
[EventDate "1994.??.??"]
[Source "www.chesslib.no"]
[SourceDate "2004.05.04"]

1. e4 c5 2. Nf3 d6 3. d4 cxd4 4. Nxd4 Nf6 5. Nc3 a6 6. Bg5 e6 7. f4 Be7 8. Qf3 Qc7 9. O-O-O O-O 10. Bd3 Nc6 11. Nxc6 bxc6 12. e5 dxe5 13. fxe5 Qxe5 14. h4 Qc7 15. Rdf1 Nd5 16. g4 Bb7 17. Ne4 c5 18. Bxe7 Qxe7 19. g5 Kh8 20. Qh5 Nb4 21. Rhg1 Nxd3+ 22. cxd3 c4 23. Nf6 gxf6 24. gxf6 Qc7 25. Qh6 Rg8 26. Kb1 cxd3 27. Rc1 Qh2 28. Rg7 Be4 29. Ka1 Rab8 30. Rxg8+ Rxg8 31. a4 Bd5 32. Qe3 d2 33. Rd1 Qxh4 34. Rxd2 Qxa4+ 35. Kb1 Bb3 36. Rd3 Bc2+ 0-1

[Event "WchT U26"]
[Site "Maringa"]
[Date "1991.??.??"]
[Round "2"]
[White "Egger, Jorge"]
[Black "Briffel, Francisco"]
[Result "1-0"]
[WhiteElo "2280"]
[BlackElo "2255"]
[PlyCount "103"]
[EventDate "1991.??.??"]
[Source "www.chesslib.no"]
[SourceDate "2004.05.04"]

1. e4 c5 2. Nf3 d6 3. d4 cxd4 4. Nxd4 Nf6 5. Nc3 a6 6. Bg5 e6 7. f4 Be7 8. Qf3 Qc7 9. O-O-O Nc6 10. Nxc6 Qxc6 11. Bd3 h6 12. Bh4 Qc7 13. Bg3 e5 14. Nd5 Nxd5 15. exd5 exf4 16. Bxf4 O-O 17. Rhe1 f5 18. Qg3 Rf6 19. Re2 Bf8 20. Rde1 Bd7 21. Bd2 Rc8 22. Bc3 Rf7 23. Re6 Qc5 24. Rxh6 Re8 25. Rhe6 Rc8 26. Qg6 Qxd5 27. R6e3 Rxc3 28. bxc3 Rf6 29. Qg5 Qc5 30. Qf4 d5 31. Qd4 Qa3+ 32. Kd2 Bc6 33. Rg3 Rf7 34. Qh4 d4 35. Bc4 dxc3+ 36. Kd1 Be4 37. Rxe4 fxe4 38. Qxe4 Qc5 39. Bxf7+ Kxf7 40. Qg6+ Ke7 41. Qe4+ Kd7 42. Rd3+ Kc7 43. Qd4 Qxd4 44. Rxd4 b5 45. Ke2 Kc6 46. Kd3 b4 47. Kc4 a5 48. Rd5 Kb6 49. Rb5+ Ka6 50. h4 Be7 51. h5 a4 52. Rxb4 1-0

[Event "Cali op 3rd"]
[Site "Cali"]
[Date "1999.12.28"]
[Round "4"]
[White "Mosquera, Miguel"]
[Black "Mateus, Manuel"]
[Result "1-0"]
[WhiteElo "2315"]
[BlackElo "2210"]
[PlyCount "39"]
[EventDate "1999.12.26"]
[Source "www.chesslib.no"]
[SourceDate "2004.05.04"]

1. e4 c5 2. Nf3 d6 3. d4 cxd4 4. Nxd4 Nf6 5. Nc3 a6 6. Bg5 e6 7. f4 Be7 8. Qf3 Qc7 9. O-O-O h6 10. Bh4 g5 11. fxg5 Nfd7 12. g6 Ne5 13. gxf7+ Nxf7 14. Bxe7 Kxe7 15. Nf5+ Ke8 16. Nxd6+ Nxd6 17. Qg3 Ke7 18. Rxd6 Qc5 19. Nd5+ Kf7 20. Be2 1-0

[Event "otb"]
[Site "otb"]
[Date "2007.04.11"]
[Round "5"]
[White "Mahdia Farage"]
[Black "Elgabry Mohsen"]
[Result "1/2-1/2"]
[WhiteElo "2175"]
[BlackElo "2349"]
[PlyCount "109"]
[Source "www.chesslib.no"]
[SourceDate "2004.05.04"]

1. e4 c5 2. Nf3 d6 3. d4 cxd4 4. Nxd4 Nf6 5. Nc3 a6 6. Bg5 e6 7. f4 Be7 8. Qf3 Qc7 9. O-O-O Nc6 10. Nb3 Rb8 11. g4 b5 12. Bxf6 gxf6 13. Be2 b4 14. Nb1 a5 15. Nd4 Nxd4 16. Rxd4 Qb6 17. Rhd1 Bd7 18. h4 h6 19. Bc4 Rc8 20. b3 Rc5 21. f5 Re5 22. fxe6 fxe6 23. c3 O-O 24. Qe3 Kg7 25. Nd2 d5 26. Qf4 bxc3 27. Nf3 Qb4 28. Kb1 dxc4 29. Nxe5 c2+ 30. Kxc2 cxb3+ 31. axb3 Rc8+ 32. Rc4 Rxc4+ 33. Nxc4 Ba4 34. Nd2 Qc5+ 35. Kb1 Bb5 36. Qf3 Qb4 37. Kc2 a4 38. Qc3 axb3+ 39. Nxb3 Qxe4+ 40. Kb2 Bc6 41. Rd4 Qe2+ 42. Rd2 Qb5 43. g5 hxg5 44. hxg5 Bd5 45. Rf2 Qb6 46. gxf6+ Kf7 47. Rf4 Qd6 48. Qc5 Qe5+ 49. Qd4 Bd6 50. Rf2 Qg3 51. Qa7+ Bc7 52. Rc2 Qxb3+ 53. Kc1 Kxf6 54. Rxc7 Ke5 55. Rc2 1/2-1/2